Rosamunde, Fürstin von Zypern, D 797 = Rosamunde, Princess of Cyprus = Rosamunde, Princesse de Chrypre = Rosamunde, Principessa di Cipro /
Nacido y muerto en Viena (1797-1828), Franz Schubert fue un compositor precoz que a los catorce años ya había creado sus primeros lieder. Alumno de Salieri en la escuela municipal de su ciudad natal, se familiarizó pronto con la obra de Haydn y Beethoven y desde entonces se convirtió en admirador de...
Guardat en:
| Autor principal: | |
|---|---|
| Autor corporatiu: | |
| Altres autors: | , , |
| Format: | Audio |
| Idioma: | German |
| Publicat: |
Hamburgo, Alemania :
Deutsche Grammophon,
1991, c1991
|
| Col·lecció: | (Numerique)
|
| Matèries: | |
| Etiquetes: |
Sense etiquetes, Sigues el primer a etiquetar aquest registre!
|
MARC
| LEADER | 00000njm^a2200000^a^4500 | ||
|---|---|---|---|
| 001 | 000191251 | ||
| 005 | 20251020000000.0 | ||
| 009 | 20260310102520.384 | ||
| 037 | |a Acervo ITESO - Biblioteca | ||
| 041 | |a SON | ||
| 041 | |a ALE | ||
| 082 | |a 784. 07 |b SCH FRA | ||
| 100 | |a Schubert, Franz |e (música) | ||
| 240 | 1 | 1 | |a [Rosamunda] |
| 245 | 1 | 0 | |a Rosamunde, Fürstin von Zypern, D 797 = |b Rosamunde, Princess of Cyprus = Rosamunde, Princesse de Chrypre = Rosamunde, Principessa di Cipro / |c Música de F. Schubert ; ejecución musical de The Chamber Orchestra of Europe ; mezzosoprano A.S. von Otter ; dir. musical de C. Abbado ; McKay... [et al.]. |
| 264 | 4 | |a Hamburgo, Alemania : |b Deutsche Grammophon, |c 1991, c1991 | |
| 300 | |a 1 disco compacto sonoro (59 min.) + |e 1 folleto (19 p.) | ||
| 336 | |a música interpretada |b prm |2 rdacontenido | ||
| 337 | |a audio |b s |2 rdamedio | ||
| 338 | |a disco sonoro |b sd |2 rdasoporte | ||
| 440 | 1 | |a (Numerique) | |
| 520 | |a Nacido y muerto en Viena (1797-1828), Franz Schubert fue un compositor precoz que a los catorce años ya había creado sus primeros lieder. Alumno de Salieri en la escuela municipal de su ciudad natal, se familiarizó pronto con la obra de Haydn y Beethoven y desde entonces se convirtió en admirador de este último, con el que sin embargo nunca tuvo contacto directo. Ajeno por decisión propia a los altos círculos sociales, se movía entre intelectuales y artistas y siempre muy cercano a la literatura; es creador, de hecho, de numerosos lieder inspirados en poemas de Goethe. En su obra el lirismo, la melodía y el elemento pasional son constitutivos fundamentales, y perfilan las características de la música romántica. Es autor de más de 600 canciones, múltiples piezas para piano -incluidas 22 sonatas-, 8 sinfonías, 6 misas en latín y 1 en alemán, varios cuartetos de cuerdas y 2 óperas, entre otros. | ||
| 546 | |a Edición multilingüe (folleto) | ||
| 649 | |a XX | ||
| 650 | |a Música Incidental - |z Austria | ||
| 650 | |a Música en el Teatro - |z Austria | ||
| 650 | |a Música Romántica - |z Austria | ||
| 650 | |a Música Vocal - |z Austria | ||
| 650 | |a Música de Concierto - |z Austria | ||
| 650 | |a Música Austríaca - |y Siglo XIX | ||
| 710 | |a The Chamber Orchestra of Europe |e (ejecución musical) | ||
| 700 | |a Otter, Anne Sofie von |e (voz) | ||
| 700 | |a Abbado, Claudio |e (dirección musical) | ||
| 700 | |a McKay, Elizabeth Norman |e (texto del folleto) | ||
| 910 | |a Fondo General | ||
| 920 | |a Sonoros - CDs | ||
| 940 | |a CDs de Música | ||
| 905 | |a 401 | ||
| 901 | |a 0500135853 |b IT2 |c CDM |u 20250521 | ||
| 901 | |a 0500135856 |b IT2 |c MIM |u 20251020 | ||
| 902 | |a https://opac.biblio.iteso.mx/vufind/Record/000191251 | ||